LIBRARY & INFORMATION CENTRE, KCAET, TAVANUR

ONLINE PUBLIC ACCESS CATALOGUE (OPAC)

Milk products and eggs / (Record no. 9915)

MARC details
000 -LEADER
fixed length control field 00473cam a2200193ua 4500
020 ## - INTERNATIONAL STANDARD BOOK NUMBER
ISBN 0-85186-366-3
041 ## - LANGUAGE CODE
Language code of text/sound track or separate title eng
082 ## - DEWEY DECIMAL CLASSIFICATION NUMBER
Classification number 637.1
Item number HOL/MI
100 ## - MAIN ENTRY--AUTHOR NAME
Personal name Holland , B .
245 ## - TITLE STATEMENT
Title Milk products and eggs /
250 ## - EDITION STATEMENT
Edition statement 1 /
260 ## - PUBLICATION, DISTRIBUTION, ETC. (IMPRINT)
Place of publication London :
Name of publisher Royal society of chemistry ,
Year of publication 1989.
300 ## - PHYSICAL DESCRIPTION
Number of Pages 146 ; .
700 1# - ADDED ENTRY--PERSONAL NAME
Personal name Buss, D H .
700 1# - ADDED ENTRY--PERSONAL NAME
Personal name Unwin, I D .
942 ## - ADDED ENTRY ELEMENTS (KOHA)
Koha item type Books
Holdings
Withdrawn status Lost status Damaged status Home library Current library Date acquired Full call number Accession Number Koha item type
      KAUAET KAUAET 07/04/2012 637.1 17641 Books
free website counter